MANUFACTURING PROCESSES AND SYSTEMS (Record no. 4173)

MARC details
000 -LEADER
fixed length control field 00378nam a2200145Ia 4500
008 - FIXED-LENGTH DATA ELEMENTS--GENERAL INFORMATION
fixed length control field 240624s9999 xx 000 0 und d
041 ## - LANGUAGE CODE
Language code of text/sound track or separate title eng
082 ## - DEWEY DECIMAL CLASSIFICATION NUMBER
Classification number 670 OST
100 ## - MAIN ENTRY--PERSONAL NAME
Personal name OSTWALD PHILLIP F
245 ## - TITLE STATEMENT
Title MANUFACTURING PROCESSES AND SYSTEMS
250 ## - EDITION STATEMENT
Edition statement (9th ed.)
260 ## - PUBLICATION, DISTRIBUTION, ETC.
Date of publication, distribution, etc. 2002
Place of publication, distribution, etc. New Delhi
Name of publisher, distributor, etc. John Wiley & Sons
300 ## - PHYSICAL DESCRIPTION
Extent xvii, : 765 : p. : cm. ; 24
365 ## - TRADE PRICE
Currency code
Price amount 25
Holdings
Withdrawn status Lost status Damaged status Not for loan Home library Current library Shelving location Date acquired Source of acquisition Cost, normal purchase price Full call number Barcode Date last seen Copy number Price effective from Koha item type
        IMTN IMTN Rack 38-A 11/30/2006 AP 7.95 670 OST 4173 06/24/2024 44.64 06/24/2024 Books
Designed & Maintained by: LRC IMT Nagpur Contact: lrc@imtnag.ac.in© 2024. All Rights Reserved.